000 01126nam a2200265Ia 4500
003 OSt
005 20220923211426.0
006 a|||||r|||| 00| 0
007 ta
008 220922b |||||||| |||| 00| 0 san d
020 _a9788193857991 (hbk)
_c950
024 _a353,009
037 _b5529, 20/12/2019, Meharchand Lachhhindas Publications
_cTextual
040 _aARTS
_cARTS
_bsan
041 _2san
_asan
082 _aR65,6:g, 152Q9
100 _aरावत, कल्याण सिंह, ले.
245 0 _aश्रीमद्भागवत के संवादों एवं उपदेशों का तात्विक विवेचन
246 _aShrīmadbhāgavat ke sanvādoan evan upadeshoan kā tātvik vivechana
260 _aदिल्ली
_b ईस्टर्न बुक लिंकर्स
_c2019
300 _a285पृ0
_ccm.
650 _aभगवत् गीता
942 _hR65,6:g, 152Q9
_cTEXL
_2CC
999 _c299317
_d299317